000 01402nam a2200313 i 4500
001 186191
003 SpMaBN
005 20231209132747.0
008 160915s2008 sp aho |||| |dspa d
020 _a978-84-92473-15-1
080 _a94(460.251 Montánchez)
100 1 _aJiménez Gómez, Hilario,
_d1974-
_9158180
245 1 0 _aHistoria de Montánchez
_b: desde sus orígenes hasta el siglo XXI /
_cHilario Jiménez Gómez.
260 _a[Cáceres] :
_bInstitución Cultural "El Brocense" ;
_a[Montánchez, Cáceres] :
_bAyuntamiento de Montánchez,
_c[2008]
300 _a721, [10] p. :
_bil., fot. col. y n., ;
_c24 cm.
500 _aIncluye reprod. de: Historia de Montánchez / escrita por el Dr. D. Tirso Lozano y Rubio, 1894 (p. 37-409)
500 _aCronología.
505 8 _aContiene: ;
_t"Historia de Montánchez en verso" ;
_tHeráldica de Montánchez
651 7 _aMontánchez-
_xHistoria.
_9160884
700 1 _aLozano Rubio, Tirso.
_974465
710 2 _aInstitución Cultural "El Brocense"
_94713
710 1 _aMontánchez.
_bAyuntamiento.
_9158181
740 0 2 _aHistoria de la noble y leal villa de Montánchez.
852 _aES-MaACL
_jA-13944
_9193245
_bR.151357
_cDEPO1
_dOlim: N-6944
_hDonación: José Lázaro
903 _9234219
_aLázaro García, José
_ednr
942 _2udc
_cMONOGRAFIA
999 _c186191
_d186191